| 000 | 00397nam a22001577a 4500 | ||
|---|---|---|---|
| 999 |
_c8016 _d8014 |
||
| 005 | 20220616135154.0 | ||
| 008 | 220616b ||||| |||| 00| 0 eng d | ||
| 020 | _a97815-43345-94-0 | ||
| 041 | _aeng | ||
| 100 |
_aGAUTAM, SHIPRA AND OTHERS _97304 |
||
| 245 | _aA TEXTBOOK OF PHARMACOTHERAPEUTICS | ||
| 260 | _bS.VIKAS AND COMPANY | ||
| 300 | _a230;P | ||
| 650 |
_aPHARMACY _97305 |
||
| 942 | _cBK | ||